000 00444nam a22001817a 4500
999 _c160076
_d160076
005 20221214161740.0
010 _aB-098861 ENG-135863
020 _a8187649399
_c295.00
035 _aB-098861
035 _aEN-119395
037 _bKatha
082 _aS
100 _aHussein, Abdullah
245 _aDownfall by degree /
_cAbdullah Hussein
260 _aNew Delhi
_bKatha
_c2003
300 _a294p.
_c22cm(pbk)
942 _2ddc
_cEN
_hS
_mABD